[Event "23rd Hogeschool Zeeland Open 2019"]
[Site "Vlissingen"]
[Date "2019.08.09"]
[Round "8.10"]
[White "Mijnster, Niels"]
[Black "Grooten, Herman"]
[Result "1/2-1/2"]
[WhiteElo "2089"]
[BlackElo "2310"]
[Annotator "ChessBase"]
[PlyCount "126"]
[EventDate "2019.08.03"]
[EventType "swiss"]
[EventCountry "NED"]
[SourceTitle "playchess.com"]
[Source "ChessBase"]
[SourceQuality "1"]
[TimeControl "40/5400+30:1800+30"]

1. d4 {[%emt 0:00:00]} Nf6 {[%emt 0:00:00]} 2. c4 {[%emt 0:00:47]} e6 {[%emt 0:00:00]} 3. Nf3 {[%emt 0:00:03]} b6 {[%emt 0:00:00]} 4. Nc3 {[%emt 0:03:40]} Bb4 {[%emt 0:00:20]} 5. g3 {[%emt 0:01:32]} Bxc3+ {[%emt 0:02:29]} 6. bxc3 {[%emt 0:00:04]} Bb7 {[%emt 0:00:51]} 7. Bg2 {[%emt 0:02:00]} d6 {[%emt 0:00:20]} 8. Ba3 {[%emt 0:05:27]} c5 {[%emt 0:02:44]} 9. O-O {[%emt 0:08:15]} Nc6 {[%emt 0:03:36]} 10. Nd2 {[%emt 0:05:15]} Qd7 {[%emt 0:02:13]} 11. Nb3 {[%emt 0:01:55]} Ne7 {[%emt 0:04:29]} 12. Qd3 {[%emt 0:07:49]} Bxg2 {[%emt 0:03:39]} 13. Kxg2 {[%emt 0:00:01]} Rc8 {[%emt 0:00:42]} 14. dxc5 {[%emt 0:08:32]} dxc5 {[%emt 0:01:03]} 15. Qxd7+ {[%emt 0:04:48]} Nxd7 {[%emt 0:00:44]} 16. f4 {[%emt 0:04:00]} Nf5 {[%emt 0:05:03]} 17. Kf3 {[%emt 0:02:54]} Nd6 {[%emt 0:00:51]} 18. Nd2 {[%emt 0:01:37]} f5 {[%emt 0:00:31]} 19. e4 {[%emt 0:02:35]} fxe4+ {[%emt 0:08:57]} 20. Nxe4 {[%emt 0:00:01]} Nxc4 {[%emt 0:00:21]} 21. Bc1 {[%emt 0:01:35]} h6 {[%emt 0:01:44]} 22. Nd2 {[%emt 0:04:04]} Nxd2+ {[%emt 0:03:34]} 23. Bxd2 {[%emt 0:00:01]} Rd8 {[%emt 0:03:27]} 24. Be3 {[%emt 0:02:16]} Nf6 {[%emt 0:00:57]} 25. c4 {[%emt 0:05:02]} Kd7 {[%emt 0:04:17]} 26. a4 {[%emt 0:05:57]} a5 {[%emt 0:03:46]} 27. Rad1+ {[%emt 0:10:09]} Kc7 {[%emt 0:05:21]} 28. Bc1 {[%emt 0:00:01]} Nd7 {[%emt 0:10:43]} 29. Bb2 {[%emt 0:00:42]} Rhg8 {[%emt 0:00:28]} 30. Rfe1 {[%emt 0:00:53]} Rde8 {[%emt 0:00:56]} 31. g4 {[%emt 0:05:59]} g5 {[%emt 0:03:40]} 32. fxg5 {[%emt 0:02:04]} hxg5 {[%emt 0:03:10]} 33. Be5+ {[%emt 0:01:39]} Kd8 {[%emt 0:02:42]} 34. Kg3 {[%emt 0:03:00]} Rg6 {[%emt 0:04:38]} 35. Re4 {[%emt 0:01:31]} Ke7 {[%emt 0:01:39]} 36. Bd6+ {[%emt 0:00:25]} Kf7 {[%emt 0:00:09]} 37. Bc7 {[%emt 0:00:17]} Re7 {[%emt 0:02:21]} 38. Re3 {[%emt 0:01:14]} Ke8 {[%emt 0:05:20]} 39. Rd6 {[%emt 0:00:40]} Rf6 {[%emt 0:01:03]} 40. Re4 {[%emt 0:00:37]} e5 {[%emt 0:04:12]} 41. Rxf6 {[%emt 0:05:14]} Nxf6 {[%emt 0:00:08]} 42. Rxe5 {[%emt 0:00:06]} Ne4+ {[%emt 0:00:36]} 43. Kg2 {[%emt 0:01:43]} Rxe5 {[%emt 0:02:10]} 44. Bxe5 {[%emt 0:00:02]} Nd2 {[%emt 0:00:53]} 45. Bf6 {[%emt 0:01:17]} Nxc4 {[%emt 0:00:42]} 46. Bxg5 {[%emt 0:02:17]} Nb2 {[%emt 0:00:23]} 47. h4 {[%emt 0:01:27]} Nxa4 {[%emt 0:00:15]} 48. h5 {[%emt 0:08:58]} Nc3 {[%emt 0:02:41]} 49. Kf3 {[%emt 0:08:10]} Kf7 {[%emt 0:03:47]} 50. Bd8 {[%emt 0:01:37]} a4 {[%emt 0:02:48]} 51. g5 {[%emt 0:00:12]} a3 {[%emt 0:01:12]} 52. g6+ {[%emt 0:03:11]} Kg7 {[%emt 0:03:55]} 53. Bc7 {[%emt 0:00:40]} Nd5 {[%emt 0:01:06]} 54. Be5+ {[%emt 0:00:14]} Kh6 {[%emt 0:00:24]} 55. Ke4 {[%emt 0:01:28]} Ne7 {[%emt 0:00:33]} 56. Kd3 {[%emt 0:00:29]} b5 {[%emt 0:02:56]} 57. Kc2 {[%emt 0:01:22]} Nf5 {[%emt 0:03:10]} 58. Kb3 {[%emt 0:00:35]} b4 {[%emt 0:00:06]} 59. Bf6 {[%emt 0:00:27]} Ng3 {[%emt 0:09:47]} 60. Be7 {[%emt 0:00:24]} Ne4 {[%emt 0:06:31]} 61. Bf8+ {[%emt 0:00:01]} Kxh5 {[%emt 0:00:07]} 62. g7 {[%emt 0:00:07]} c4+ {[%emt 0:00:26]} 63. Kxb4 {[%emt 0:01:11]} Nf6 {[%emt 0:00:54]} 1/2-1/2

[Event "23rd Hogeschool Zeeland Open 2019"]
[Site "Vlissingen"]
[Date "2019.08.09"]
[Round "8.11"]
[White "Stange, Sven"]
[Black "Klepke, Ricardo"]
[Result "0-1"]
[WhiteElo "2167"]
[BlackElo "2267"]
[Annotator "ChessBase"]
[PlyCount "110"]
[EventDate "2019.08.03"]
[EventType "swiss"]
[EventCountry "NED"]
[SourceTitle "playchess.com"]
[Source "ChessBase"]
[SourceQuality "1"]
[TimeControl "40/5400+30:1800+30"]

1. d4 {[%emt 0:00:00]} f5 {[%emt 0:00:00]} 2. Nc3 {[%emt 0:00:00]} Nf6 {[%emt 0:00:00]} 3. Bg5 {[%emt 0:00:00]} d5 {[%emt 0:00:00]} 4. Bxf6 {[%emt 0:00:00]} exf6 {[%emt 0:00:03]} 5. e3 {[%emt 0:00:05]} Be6 {[%emt 0:00:07]} 6. Bd3 {[%emt 0:00:19]} Qd7 {[%emt 0:00:45]} 7. Qf3 {[%emt 0:01:37]} Nc6 {[%emt 0:00:31]} 8. Nge2 {[%emt 0:01:10]} O-O-O {[%emt 0:00:43]} 9. Nf4 {[%emt 0:07:45]} Bf7 {[%emt 0:01:06]} 10. Nfe2 {[%emt 0:11:28]} g6 {[%emt 0:08:33]} 11. h3 {[%emt 0:01:31]} h5 {[%emt 0:00:40]} 12. O-O-O {[%emt 0:01:58]} Nb4 {[%emt 0:07:22]} 13. Kb1 {[%emt 0:08:32]} Nxd3 {[%emt 0:06:27]} 14. Rxd3 {[%emt 0:01:11]} h4 {[%emt 0:03:46]} 15. g3 {[%emt 0:06:30]} g5 {[%emt 0:09:49]} 16. Qg2 {[%emt 0:02:04]} Bd6 {[%emt 0:06:21]} 17. f4 {[%emt 0:03:17]} hxg3 {[%emt 0:02:10]} 18. Qxg3 {[%emt 0:00:25]} Rdg8 {[%emt 0:08:38]} 19. Qf2 {[%emt 0:02:50]} Rh7 {[%emt 0:09:41]} 20. Ng1 {[%emt 0:10:02]} Be6 {[%emt 0:09:24]} 21. Nce2 {[%emt 0:01:39]} Qg7 {[%emt 0:00:58]} 22. Rh2 {[%emt 0:06:54]} Qh6 {[%emt 0:06:01]} 23. Rg2 {[%emt 0:01:25]} Qh4 {[%emt 0:01:25]} 24. Qxh4 {[%emt 0:07:23]} Rxh4 {[%emt 0:00:08]} 25. c3 {[%emt 0:02:02]} Bf7 {[%emt 0:04:19]} 26. Rf2 {[%emt 0:10:30]} Kd7 {[%emt 0:04:39]} 27. Kc1 {[%emt 0:02:17]} Ke6 {[%emt 0:00:25]} 28. Rd1 {[%emt 0:00:27]} Bh5 {[%emt 0:00:40]} 29. Rdf1 {[%emt 0:01:15]} Bxe2 {[%emt 0:02:58]} 30. Rxe2 {[%emt 0:00:25]} gxf4 {[%emt 0:00:19]} 31. exf4+ {[%emt 0:00:20]} Kf7 {[%emt 0:00:06]} 32. Ref2 {[%emt 0:00:33]} Bxf4+ {[%emt 0:02:03]} 33. Rxf4 {[%emt 0:01:46]} Rxf4 {[%emt 0:00:08]} 34. Rxf4 {[%emt 0:00:09]} Rxg1+ {[%emt 0:00:06]} 35. Kd2 {[%emt 0:01:10]} Kg6 {[%emt 0:00:45]} 36. Rf2 {[%emt 0:01:53]} Rh1 {[%emt 0:04:45]} 37. Rg2+ {[%emt 0:00:30]} Kh5 {[%emt 0:00:40]} 38. Ke3 {[%emt 0:01:04]} Re1+ {[%emt 0:00:53]} 39. Kd2 {[%emt 0:01:53]} Rb1 {[%emt 0:00:26]} 40. Kc2 {[%emt 0:02:02]} Rh1 {[%emt 0:00:38]} 41. Rg7 {[%emt 0:31:14]} f4 {[%emt 0:31:27]} 42. Kd3 {[%emt 0:00:00]} Rh2 {[%emt 0:00:00]} 43. Rxc7 {[%emt 0:00:00]} Rxb2 {[%emt 0:00:00]} 44. c4 {[%emt 0:00:00]} dxc4+ {[%emt 0:00:00]} 45. Rxc4 {[%emt 0:00:00]} f3 {[%emt 0:00:00]} 46. Ke3 {[%emt 0:00:00]} f2 {[%emt 0:00:00]} 47. Rc1 {[%emt 0:00:00]} Kh4 {[%emt 0:00:00]} 48. d5 {[%emt 0:00:00]} Kg3 {[%emt 0:00:00]} 49. Rd1 {[%emt 0:01:57]} Rb5 {[%emt 0:00:00]} 50. d6 {[%emt 0:01:02]} Re5+ {[%emt 0:00:00]} 51. Kd4 {[%emt 0:00:23]} Rf5 {[%emt 0:00:00]} 52. Rf1 {[%emt 0:01:51]} Kg2 {[%emt 0:00:00]} 53. d7 {[%emt 0:00:19]} Kxf1 {[%emt 0:00:00]} 54. d8=Q {[%emt 0:00:13]} Kg1 {[%emt 0:00:00]} 55. Qg8+ {[%emt 0:01:07]} Rg5 {[%emt 0:00:00]} 0-1

[Event "23rd Hogeschool Zeeland Open 2019"]
[Site "Vlissingen"]
[Date "2019.08.09"]
[Round "8.12"]
[White "Afek, Yochanan"]
[Black "Krause, Thomas"]
[Result "1-0"]
[WhiteElo "2253"]
[BlackElo "2137"]
[Annotator "TA"]
[PlyCount "169"]
[EventDate "2019.08.03"]
[EventType "swiss"]
[EventCountry "NED"]
[SourceTitle "playchess.com"]
[Source "ChessBase"]
[SourceQuality "1"]

{[%evp 13,169,0,7,0,7,0,6,10,-1,5,20,20,20,10,23,25,22,-30,10,13,25,16,18,25,25,19,39,38,38,35,50,41,56,25,31,12,19,16,37,46,39,46,78,71,93,86,93,86,90,84,83,72,89,86,86,86,86,86,86,86,86,86,88,20,26,0,59,52,75,68,66,38,51,55,56,62,48,38,27,0,0,0,34,38,27,0,0,0,0,0,0,0,118,114,197,86,88,94,252,244,277,289,270,262,356,206,146,8,8,8,8,8,8,0,0,0,0,0,0,0,0,0,0,0,0,0,0,0,0,0,0,0,0,0,0,0,154,154,382,375,387,379,357,355,293,253,29980,29981,29987,29988,29988,29983,29983,29977,29978,29977,29982,2117]} 1. e4 Nf6 2. Nc3 d5 3. e5 Nfd7 4. d4 e6 5. Nce2 c5 6. c3 Nc6 7. Nf3 Be7 8. a3 {C11: French: Classical System: 4 e5 and 4 Bg5 dxe4} c4 9. Be3 $146 ({Predecessor:} 9. Nf4 Na5 10. Be3 Nb6 11. h4 Bd7 12. Nh5 Ba4 13. Qe2 Rg8 14. Bg5 h6 15. Bxe7 Qxe7 {0-1 (48) Svetushkin,D (2544)-Salgado Lopez,I (2627) Saint-Quentin 2014}) 9... Na5 10. Nd2 {The position is equal.} Nb6 11. Ng3 Bd7 12. Qg4 g6 13. Bh6 f5 14. exf6 Bxf6 15. Qe2 (15. Qf4 $142) 15... Na4 16. Rb1 Qe7 17. f4 O-O-O 18. Nf3 Nb6 19. Qd2 Ba4 20. Be2 Kb8 21. O-O Nc8 22. Rbe1 Rde8 23. Bd1 Bxd1 $1 24. Qxd1 Nd6 25. Bg5 Nf7 {[%cal Rf6g5]} 26. Bxf6 Qxf6 27. Ne5 Nxe5 28. fxe5 Qd8 29. Qg4 Re7 30. Rf6 Qb6 31. Qe2 Nc6 32. Ref1 a6 33. h3 Ka7 34. Kh2 Rhe8 35. R1f2 Nd8 36. h4 Qc7 37. h5 Rg7 38. hxg6 (38. Qf3 $16) 38... hxg6 $11 39. Qg4 Reg8 (39... Rh8+ $11 40. Kg1 g5) 40. Kg1 Qb6 41. Qg5 Qb3 42. Nf1 Qd1 43. Rf8 Nc6 44. Rxg8 Rxg8 45. Qf6 Nd8 46. Qe7 (46. Qf3 $5 {[%cal Rf3d1]} Qb1 47. Qf6 $11) 46... Qh5 47. Rf3 Qh6 48. Ne3 Qh5 49. a4 g5 ({But not} 49... Rh8 $2 50. Rh3 $18) 50. Qc5+ Kb8 51. Qd6+ Kc8 52. Rh3 Qf7 (52... Qg6 $11 53. Rh6 Qb1+ 54. Nf1 Re8) 53. Ng4 $1 $36 {[%cal Rg4f6][%mdl 2048] White is really pushing.} Qc7 (53... Rg7 $16) 54. Qb4 (54. Qxc7+ $18 Kxc7 55. Nf6) 54... Nc6 55. Qc5 {And now Nf6 would win.} b6 $2 (55... Rd8 $16) 56. Qa3 $18 Qe7 57. Qxe7 Nxe7 {[%mdl 4096] Endgame KRN-KRN} 58. Nf6 Rg7 59. g4 (59. Rh8+ $142 Kb7 60. Ne8) 59... Ng6 60. Rh7 (60. Rh6 $16) 60... Rxh7 $1 $11 61. Nxh7 {KN-KN} Kd7 62. Kf2 Nf4 63. Ke3 Nh3 $1 64. Nf6+ Ke7 65. Nh5 Kf7 $1 66. Kf3 Kg6 67. Ke3 Kf7 68. Nf6 Ke7 69. Nh5 {Strongly threatening Kf3.} Kf7 $1 70. Kf3 Kg6 71. Kg3 Ng1 72. Nf6 Ne2+ 73. Kf2 Nf4 {next ...Nd3+ is good for Black.} 74. Ke3 Kf7 $2 ({Better is} 74... Nd3 $11) 75. Nd7 $16 b5 $2 {[#]} (75... Ke8 $16 76. Nxb6 Kd8) 76. a5 $1 $18 Nd3 77. b4 Ke7 78. Nb8 Kd8 79. Nxa6 {Threatens to win with Nc5.} Nb2 $2 (79... Kc8 $18 80. Kf3 (80. Nc5 Nf4 $16) 80... Nf4) 80. Nc5 {White mates.} Nd1+ {[#]} 81. Kd2 $1 Nf2 82. Nxe6+ Kc8 83. Nxg5 Nxg4 84. Ne6 Nf2 85. Nf4 {Accuracy: White = 65%, Black = 48%.} (85. Nc5 $142 Kc7 86. a6 Kb8 87. e6 Ng4 88. e7 Nf6 {[#]} 89. Nd7+ $1 {[%mdl 576] Deflection, Decoy, Promotion} Nxd7 90. e8=Q+ {[%mdl 64] Double Attack} Kc7 91. a7) 1-0

[Event "23rd Hogeschool Zeeland Open 2019"]
[Site "Vlissingen"]
[Date "2019.08.09"]
[Round "8.13"]
[White "Westerweele, Henrik"]
[Black "Bezemer, Arno"]
[Result "0-1"]
[WhiteElo "1961"]
[BlackElo "2245"]
[Annotator "NA"]
[PlyCount "50"]
[EventDate "2019.08.03"]
[EventType "swiss"]
[EventCountry "NED"]
[SourceTitle "playchess.com"]
[Source "ChessBase"]
[SourceQuality "1"]
[TimeControl "40/5400+30:1800+30"]

1. e4 {[%emt 0:08:00]} c5 {[%emt 0:00:00]} 2. c3 {[%emt 0:00:09]} Nf6 {[%emt 0:00:00]} 3. e5 {[%emt 0:00:38]} Nd5 {[%emt 0:00:00]} 4. d4 {[%emt 0:00:59]} cxd4 {[%emt 0:00:00]} 5. Nf3 {[%emt 0:00:20]} d6 {[%emt 0:00:40]} 6. exd6 {[%emt 0:00:24]} e6 {[%emt 0:01:26]} 7. cxd4 {[%emt 0:00:50]} Bxd6 {[%emt 0:00:07]} 8. Nc3 {[%emt 0:01:14]} Nxc3 {[%emt 0:01:01]} 9. bxc3 {[%emt 0:00:08]} O-O {[%emt 0:00:52]} 10. Bd3 {[%emt 0:01:03]} Nd7 {[%emt 0:00:58]} 11. O-O {[%emt 0:02:42]} b6 {[%emt 0:00:31]} 12. Ng5 {[%emt 0:10:56]} Nf6 {[%emt 0:06:02]} 13. Qf3 {[%emt 0:05:51]} Rb8 {[%emt 0:02:57]} 14. Re1 {[%emt 0:03:15]} Bb7 {[%emt 0:04:36]} 15. Qh3 {[%emt 0:04:55]} h6 {[%emt 0:04:10]} 16. Nf3 {[%emt 0:02:36]} Re8 {[%emt 0:07:04]} 17. Ne5 {[%emt 0:09:46]} Rc8 {[%emt 0:07:38]} 18. Bxh6 {[%emt 0:12:19]} gxh6 {[%emt 0:02:52]} 19. Re3 {[%emt 0:01:10]} h5 {[%emt 0:14:28]} 20. Qg3+ {[%emt 0:07:56]} Kf8 {[%emt 0:08:52]} 21. Qf4 {[%emt 0:02:53]} Bxe5 {[%emt 0:02:54]} 22. Qh6+ {[%emt 0:01:14]} Ke7 {[%emt 0:00:49]} 23. dxe5 {[%emt 0:01:12]} Ng4 {[%emt 0:02:48]} 24. Qf4 {[%emt 0:15:45]} Nxe3 {[%emt 0:01:48]} 25. Qxe3 {[%emt 0:01:13]} Rg8 {[%emt 0:01:54]} 0-1

[Event "23rd Hogeschool Zeeland Open 2019"]
[Site "Vlissingen"]
[Date "2019.08.09"]
[Round "8.14"]
[White "Cordes, Hans-Joerg"]
[Black "Merbis, Max"]
[Result "1-0"]
[WhiteElo "2178"]
[BlackElo "2103"]
[Annotator "NA"]
[PlyCount "51"]
[EventDate "2019.08.03"]
[EventType "swiss"]
[EventCountry "NED"]
[SourceTitle "playchess.com"]
[Source "ChessBase"]
[SourceQuality "1"]
[TimeControl "40/5400+30:1800+30"]

1. d4 {[%emt 0:00:00]} d5 {[%emt 0:00:00]} 2. Nf3 {[%emt 0:00:00]} Nf6 {[%emt 0:00:00]} 3. c4 {[%emt 0:00:10]} e6 {[%emt 0:00:29]} 4. Nc3 {[%emt 0:00:14]} Be7 {[%emt 0:00:08]} 5. Bf4 {[%emt 0:00:17]} O-O {[%emt 0:00:13]} 6. e3 {[%emt 0:00:06]} b6 {[%emt 0:00:07]} 7. Bd3 {[%emt 0:00:57]} dxc4 {[%emt 0:08:12]} 8. Bxc4 {[%emt 0:00:10]} Ba6 {[%emt 0:00:18]} 9. Qe2 {[%emt 0:03:38]} Bxc4 {[%emt 0:07:32]} 10. Qxc4 {[%emt 0:00:09]} c5 {[%emt 0:00:13]} 11. O-O {[%emt 0:13:56]} Nc6 {[%emt 0:12:49]} 12. Rfd1 {[%emt 0:05:03]} Qc8 {[%emt 0:08:26]} 13. Rac1 {[%emt 0:15:13]} Qb7 {[%emt 0:13:25]} 14. dxc5 {[%emt 0:02:25]} bxc5 {[%emt 0:03:21]} 15. Na4 {[%emt 0:01:41]} Rac8 {[%emt 0:03:43]} 16. b3 {[%emt 0:05:12]} Nd5 {[%emt 0:05:58]} 17. Bg5 {[%emt 0:01:15]} Bxg5 {[%emt 0:12:12]} 18. Nxg5 {[%emt 0:00:08]} Na5 {[%emt 0:00:47]} 19. Nxc5 {[%emt 0:16:37]} Nxc4 {[%emt 0:01:16]} 20. Nxb7 {[%emt 0:00:06]} Nb2 {[%emt 0:01:13]} 21. Nd6 {[%emt 0:01:42]} Nc3 {[%emt 0:02:33]} 22. Nxc8 {[%emt 0:00:48]} Nbxd1 {[%emt 0:01:46]} 23. Ne7+ {[%emt 0:01:54]} Kh8 {[%emt 0:00:01]} 24. Kf1 {[%emt 0:00:42]} f6 {[%emt 0:04:12]} 25. Nxe6 {[%emt 0:06:03]} Re8 {[%emt 0:00:12]} 26. Nd5 {[%emt 0:00:25]} 1-0

[Event "23rd Hogeschool Zeeland Open 2019"]
[Site "Vlissingen"]
[Date "2019.08.09"]
[Round "8.15"]
[White "Nebolsina, Vera"]
[Black "De Zwart, Johan"]
[Result "1-0"]
[WhiteElo "2269"]
[BlackElo "1989"]
[Annotator "NA"]
[PlyCount "57"]
[EventDate "2019.08.03"]
[EventType "swiss"]
[EventCountry "NED"]
[SourceTitle "playchess.com"]
[Source "ChessBase"]
[SourceQuality "1"]
[TimeControl "40/5400+30:1800+30"]

1. e4 {[%emt 0:00:00]} e5 {[%emt 0:00:00]} 2. Nf3 {[%emt 0:00:00]} Nc6 {[%emt 0:00:00]} 3. Bb5 {[%emt 0:00:00]} a6 {[%emt 0:00:00]} 4. Ba4 {[%emt 0:00:02]} Nf6 {[%emt 0:00:00]} 5. O-O {[%emt 0:00:15]} Nxe4 {[%emt 0:00:50]} 6. d4 {[%emt 0:07:21]} b5 {[%emt 0:00:14]} 7. Bb3 {[%emt 0:00:10]} d5 {[%emt 0:00:05]} 8. dxe5 {[%emt 0:01:12]} Be6 {[%emt 0:00:06]} 9. Qe2 {[%emt 0:05:55]} Bc5 {[%emt 0:02:29]} 10. Nbd2 {[%emt 0:09:51]} Nxd2 {[%emt 0:13:41]} 11. Bxd2 {[%emt 0:00:15]} Qd7 {[%emt 0:03:36]} 12. a4 {[%emt 0:06:26]} Rb8 {[%emt 0:00:45]} 13. axb5 {[%emt 0:06:43]} axb5 {[%emt 0:00:13]} 14. Rfd1 {[%emt 0:02:06]} O-O {[%emt 0:09:14]} 15. Be3 {[%emt 0:00:39]} Bxe3 {[%emt 0:03:22]} 16. Qxe3 {[%emt 0:00:10]} Rfd8 {[%emt 0:00:12]} 17. c3 {[%emt 0:11:58]} Ne7 {[%emt 0:10:39]} 18. Ra7 {[%emt 0:03:51]} Nc8 {[%emt 0:03:26]} 19. Ra6 {[%emt 0:04:08]} Nb6 {[%emt 0:00:33]} 20. Nd4 {[%emt 0:12:07]} Ra8 {[%emt 0:06:06]} 21. Rda1 {[%emt 0:05:02]} Rxa6 {[%emt 0:02:20]} 22. Rxa6 {[%emt 0:00:06]} Ra8 {[%emt 0:05:53]} 23. Rxa8+ {[%emt 0:01:27]} Nxa8 {[%emt 0:00:17]} 24. Bc2 {[%emt 0:01:22]} c6 {[%emt 0:14:35]} 25. f4 {[%emt 0:00:44]} c5 {[%emt 0:07:29]} 26. Nxe6 {[%emt 0:00:24]} fxe6 {[%emt 0:00:39]} 27. Qxc5 {[%emt 0:00:06]} Kf7 {[%emt 0:01:53]} 28. Bd3 {[%emt 0:01:48]} Nc7 {[%emt 0:02:24]} 29. Qd6 {[%emt 0:00:46]} 1-0

[Event "23rd Hogeschool Zeeland Open 2019"]
[Site "Vlissingen"]
[Date "2019.08.09"]
[Round "8.16"]
[White "Zwirs, Jasper"]
[Black "Weber, Dirk"]
[Result "0-1"]
[WhiteElo "2110"]
[BlackElo "2227"]
[Annotator "ChessBase"]
[PlyCount "100"]
[EventDate "2019.08.03"]
[EventType "swiss"]
[EventCountry "NED"]
[SourceTitle "playchess.com"]
[Source "ChessBase"]
[SourceQuality "1"]
[TimeControl "40/5400+30:1800+30"]

1. e4 {[%emt 0:00:00]} e5 {[%emt 0:00:17]} 2. Nf3 {[%emt 0:00:00]} d6 {[%emt 0:00:27]} 3. d4 {[%emt 0:00:12]} Nf6 {[%emt 0:00:28]} 4. dxe5 {[%emt 0:01:16]} Nxe4 {[%emt 0:00:10]} 5. Qd5 {[%emt 0:01:01]} Nc5 {[%emt 0:00:31]} 6. Bg5 {[%emt 0:00:39]} Qd7 {[%emt 0:01:51]} 7. Nc3 {[%emt 0:02:29]} c6 {[%emt 0:05:49]} 8. Qd2 {[%emt 0:07:53]} dxe5 {[%emt 0:21:40]} 9. Nxe5 {[%emt 0:05:50]} Qxd2+ {[%emt 0:00:31]} 10. Bxd2 {[%emt 0:00:05]} Bd6 {[%emt 0:02:02]} 11. Nc4 {[%emt 0:12:38]} Bc7 {[%emt 0:05:35]} 12. O-O-O {[%emt 0:00:25]} Be6 {[%emt 0:02:59]} 13. Bg5 {[%emt 0:12:44]} f6 {[%emt 0:08:05]} 14. Be3 {[%emt 0:02:20]} Nbd7 {[%emt 0:00:53]} 15. Nd6+ {[%emt 0:09:42]} Ke7 {[%emt 0:03:30]} 16. Nde4 {[%emt 0:00:34]} Nxe4 {[%emt 0:02:12]} 17. Nxe4 {[%emt 0:00:18]} Rhd8 {[%emt 0:02:55]} 18. Be2 {[%emt 0:05:58]} Bb6 {[%emt 0:04:15]} 19. Bf4 {[%emt 0:04:04]} Ne5 {[%emt 0:00:23]} 20. Bg3 {[%emt 0:04:18]} Rd5 {[%emt 0:05:18]} 21. Nc3 {[%emt 0:04:56]} Rxd1+ {[%emt 0:04:23]} 22. Rxd1 {[%emt 0:01:44]} g5 {[%emt 0:01:20]} 23. Ne4 {[%emt 0:08:03]} h6 {[%emt 0:05:18]} 24. h4 {[%emt 0:04:23]} Bd5 {[%emt 0:02:40]} 25. f3 {[%emt 0:02:27]} Nf7 {[%emt 0:04:55]} 26. Nc3 {[%emt 0:01:42]} Be6 {[%emt 0:01:08]} 27. Re1 {[%emt 0:01:12]} Be3+ {[%emt 0:04:37]} 28. Kb1 {[%emt 0:00:04]} Bd2 {[%emt 0:00:12]} 29. Rh1 {[%emt 0:03:29]} f5 {[%emt 0:01:30]} 30. hxg5 {[%emt 0:00:50]} hxg5 {[%emt 0:00:12]} 31. Bf2 {[%emt 0:00:53]} b6 {[%emt 0:01:54]} 32. g3 {[%emt 0:00:50]} Rh8 {[%emt 0:03:18]} 33. Rxh8 {[%emt 0:01:01]} Nxh8 {[%emt 0:00:06]} 34. a4 {[%emt 0:01:56]} Ng6 {[%emt 0:02:36]} 35. Nd1 {[%emt 0:00:11]} f4 {[%emt 0:00:18]} 36. c3 {[%emt 0:01:00]} Bf5+ {[%emt 0:00:38]} 37. Ka2 {[%emt 0:00:19]} Ne5 {[%emt 0:01:04]} 38. Kb3 {[%emt 0:00:21]} c5 {[%emt 0:00:42]} 39. g4 {[%emt 0:00:41]} Bg6 {[%emt 0:01:13]} 40. c4 {[%emt 0:00:51]} Ke6 {[%emt 0:01:01]} 41. Bg1 {[%emt 0:08:12]} Nc6 {[%emt 0:09:07]} 42. Nc3 {[%emt 0:03:24]} Be3 {[%emt 0:03:21]} 43. Bh2 {[%emt 0:11:45]} Ke5 {[%emt 0:05:17]} 44. Bd1 {[%emt 0:04:01]} Bd3 {[%emt 0:03:43]} 45. Nd5 {[%emt 0:04:05]} Bd4 {[%emt 0:01:43]} 46. Nc7 {[%emt 0:01:25]} Na5+ {[%emt 0:01:24]} 47. Ka2 {[%emt 0:00:05]} Bxc4+ {[%emt 0:00:42]} 48. b3 {[%emt 0:00:08]} Bd3 {[%emt 0:00:38]} 49. Nb5 {[%emt 0:00:08]} Nc6 {[%emt 0:03:06]} 50. Nxd4 {[%emt 0:01:09]} Kxd4 {[%emt 0:00:09]} 0-1

[Event "23rd Hogeschool Zeeland Open 2019"]
[Site "Vlissingen"]
[Date "2019.08.10"]
[Round "9.1"]
[White "Zwirs, Nico"]
[Black "Kamsky, Gata"]
[Result "1/2-1/2"]
[WhiteElo "2380"]
[BlackElo "2673"]
[Annotator "TA"]
[PlyCount "25"]
[EventDate "2019.08.03"]
[EventType "swiss"]
[EventCountry "NED"]
[SourceTitle "playchess.com"]
[Source "ChessBase"]
[SourceQuality "1"]

{[%evp 9,14,59,60,58,58,64,62]} 1. e4 g6 2. d4 Bg7 3. Nc3 c6 4. Be3 d5 5. e5 Qb6 {White is slightly better.} 6. Na4 {B15: Caro-Kann: 3 Nc3: 3...g6 and 3...dxe4 4 Nxe4 Nf6 5 Nxf6+ exf6} (6. a3 Nh6 7. Bd3 Nf5 8. Nf3 Nxe3 9. fxe3 Bh6 10. e4 Bg4 11. exd5 O-O 12. O-O Qxb2 13. Qe1 Bxf3 14. Rxf3 {1-0 (21) Xu,X (2581)-Wen,Y (2596) Tianjin 2018}) 6... Qa5+ 7. c3 Nd7 {Predecessor:} 8. b4 $146 Qc7 9. Bd3 Nf8 10. Ne2 h5 11. Qc2 Nh6 12. c4 dxc4 13. Bxc4 {1-0 (27) Stachowiak,K (2203)-Siwiec,B (2242) Wysowa 2003} 1/2-1/2

[Event "23rd Hogeschool Zeeland Open 2019"]
[Site "Vlissingen"]
[Date "2019.08.10"]
[Round "9.2"]
[White "Van Wely, Loek"]
[Black "Harika, Dronavalli"]
[Result "1/2-1/2"]
[WhiteElo "2616"]
[BlackElo "2492"]
[Annotator "TA"]
[PlyCount "63"]
[EventDate "2019.08.03"]
[EventType "swiss"]
[EventCountry "NED"]
[SourceTitle "playchess.com"]
[Source "ChessBase"]
[SourceQuality "1"]

{[%evp 14,63,23,24,15,22,14,22,21,10,29,15,18,0,0,0,0,0,0,0,0,-30,0,0,4,0,3,0,9,0,0,0,3,3,0,0,0,1,1,0,5,0,0,0,0,0,0,0,0,0,0,0]} 1. c4 e6 2. Nf3 d5 3. g3 Nf6 4. Bg2 d4 5. O-O c5 6. e3 Nc6 7. exd4 cxd4 8. d3 Bd6 {A13: English Opening: 1...e6} 9. Bg5 h6 10. Bxf6 $1 Qxf6 11. Nbd2 {[%cal Bb1d2,Bd2e4,Be4d6][%mdl 32]} Qe7 12. a3 a5 $1 13. Re1 $146 ({Predecessor:} 13. Rc1 O-O 14. Ne4 Bc7 15. c5 Bd7 16. Re1 {½-½ (65) Chigaev,M (2542)-Alekseev,E (2626) Kolomna 2016}) 13... O-O 14. Rc1 Rd8 15. Ne4 Bc7 16. c5 Bd7 17. Nfd2 f5 {[#]} 18. Nd6 $1 {[%cal Rd6b7][%mdl 512] The position is equal.} Bxd6 19. cxd6 Qxd6 20. Nc4 Qc7 21. Qb3 a4 22. Qb6 Qxb6 23. Nxb6 Ra5 24. Nxd7 Rxd7 25. Bxc6 bxc6 26. Rxe6 $11 {[%mdl 4096] Endgame KRR-KRR} Rb5 27. Rcxc6 Rxb2 28. Re8+ Kh7 29. h4 h5 30. Ra8 Rb3 31. Rxa4 Rxd3 {[#] aiming for ...Rd1+.} 32. Rcc4 {Accuracy: White = 68%, Black = 89%.} 1/2-1/2